01171 2200253 4500001002100000005001500021035002000036008004100056020001800097041000800115082001000123084001600133100002200149245007400171260004100245300003600286504001600322520045000338650003300788650002200821700002400843990002500867990002500892INLIS00000000000104520221025024850 a0010-0520001045221025 | | ind  a979-9140-97-7 aind a330.1 a330.1 SAI e0 aSaid Saad Marthon1 aEkonomi Islam :bDi Tengah Krisis Ekonomi Global /cSaid Saad Marthon aJakarta :bRaja Grafindo Persada,c- axxiii, 152 hlm,; 23 cm ;c23 cm aBibliografi aApa yang dipaparkan oleh DR. Sa'ad Sa'ad Marthon dalam buku ini merupakan upaya pengkodifikasian sistem syariah ke dalam sistem konvensional. Menurutnya, ada 4 karakter sistem ekonomi islam Pertama; dialektika nilai-nilai spiritualisme, kedua; kebebasan berekonomi, yang dalam pelaksanaannya mendorong masyarakat bekerja dengan berproduksi., Ketiga; dualisme kepemimpinan. Keempat; menjaga kemaslahatan individu dan masyarakat Tuhan yang hakiki. 4aI.Teori Ekonomi-Islam Sistem 4aII. Fauzan, Fauzi0 aeditor Fauzi Fauzan a01624/MKRI-P/II-2005 a01624/MKRI-P/II-2005